[Event "Halle-chT (Women)"]
[Site "Halle"]
[Date "2005.04.15"]
[Round "2.1"]
[White "Kopylov, Luba"]
[Black "Kas Fromm, Rita"]
[Result "1-0"]
[WhiteElo "1683"]
[BlackElo "2244"]
[PlyCount "79"]
[EventDate "2005.04.14"]
[EventType "team"]
[EventRounds "5"]
[EventCountry "GER"]
[SourceTitle "CBM 105 Extra"]
[Source "ChessBase"]
[SourceDate "2005.05.01"]
[SourceVersion "1"]
[SourceVersionDate "2005.05.01"]
[SourceQuality "1"]

1. d4 d5 2. c4 e6 3. g3 c6 4. Bg2 f5 5. Nf3 Bd6 6. 0-0 Nf6 7. Nc3 0-0 8. Qc2 Ne4 9. a3 Bd7 10. b4 Be8 11. Rb1 Nd7 12. c5 Bc7 13. b5 e5 14. bxc6 bxc6 15. Nxe4 fxe4 16. Ng5 Rf6 17. Bh3 Bg6 18. Rb7 Qc8 19. Qb2 Bf5 20. Bxf5 Rxf5 21. Ne6 Bb6 22. Nxg7 Kxg7 23. Rxd7+ Qxd7 24. cxb6 axb6 25. dxe5 d4 26. e6 Qd5 27. Qxb6 Re8 28. Qa7+ Kg6 29. g4 Rf6 30. h4 h5 31. Bg5 Qxe6 32. gxh5+ Kxh5 33. Qh7+ Rh6 34. Qxh6+ Qxh6 35. Bxh6 Kxh6 36. Rc1 Kh5 37. Rxc6 Kxh4 38. Rd6 d3 39. exd3 exd3 40. Rxd3 1-0

[Event "Halle-chT (Women)"]
[Site "Halle"]
[Date "2005.04.15"]
[Round "3.1"]
[White "Schmidt, Jessica"]
[Black "Kas Fromm, Rita"]
[Result "1-0"]
[WhiteElo "2290"]
[BlackElo "2244"]
[PlyCount "101"]
[EventDate "2005.04.14"]
[EventType "team"]
[EventRounds "5"]
[EventCountry "GER"]
[SourceTitle "CBM 105 Extra"]
[Source "ChessBase"]
[SourceDate "2005.05.01"]
[SourceVersion "1"]
[SourceVersionDate "2005.05.01"]
[SourceQuality "1"]

1. d4 d5 2. c4 e6 3. Nc3 f5 4. Bf4 c6 5. e3 Nf6 6. Nf3 Be7 7. Bd3 0-0 8. 0-0 Ne4 9. Qc2 Nd7 10. Ne5 Nxe5 11. Bxe5 Bd7 12. f3 Nxc3 13. bxc3 Be8 14. e4 Bg6 15. exd5 exd5 16. f4 dxc4 17. Bxc4+ Bf7 18. Bb3 Bd5 19. Qb2 b5 20. a4 Kh8 21. Rfc1 a5 22. c4 bxc4 23. Bxc4 Bb4 24. Bxd5 Qxd5 25. Qc2 Rac8 26. Qc4 h5 27. Qe2 Bd6 28. Qxh5+ Kg8 29. Kh1 Bxe5 30. dxe5 Qe4 31. Qg5 Rfd8 32. Re1 Qc2 33. h3 Rd4 34. Rac1 Qxa4 35. Qxf5 Rf8 36. Qe6+ Kh8 37. f5 Rf4 38. f6 gxf6 39. Rxc6 Qb5 40. Kh2 Qb4 41. Rec1 Rf2 42. Rc8 Qf4+ 43. Kg1 Rxg2+ 44. Kxg2 Qe4+ 45. Kf2 Qd4+ 46. Ke2 Qe4+ 47. Kd2 Qd4+ 48. Kc2 Qa4+ 49. Kb2 Qb5+ 50. Qb3 Qxe5+ 51. Ka2 1-0

[Event "Halle-chT (Women)"]
[Site "Halle"]
[Date "2005.04.14"]
[Round "1.1"]
[White "Kas Fromm, Rita"]
[Black "Melamed, Tatiana"]
[Result "0-1"]
[WhiteElo "2244"]
[BlackElo "2295"]
[PlyCount "54"]
[EventDate "2005.04.14"]
[EventType "team"]
[EventRounds "5"]
[EventCountry "GER"]
[SourceTitle "CBM 105 Extra"]
[Source "ChessBase"]
[SourceDate "2005.05.01"]
[SourceVersion "1"]
[SourceVersionDate "2005.05.01"]
[SourceQuality "1"]

1. d4 Nf6 2. c4 c5 3. d5 b5 4. cxb5 a6 5. f3 g6 6. e4 Bg7 7. Na3 0-0 8. Ne2 e6 9. Nc3 Bb7 10. Bc4 axb5 11. Naxb5 Nxd5 12. exd5 Qh4+ 13. Kf1 Qxc4+ 14. Qe2 exd5 15. Qxc4 dxc4 16. Nd6 Ba6 17. Be3 Nc6 18. Bxc5 Rfb8 19. Ba3 Nb4 20. Rd1 Nd3 21. g3 Nxb2 22. Rc1 Nd3 23. Rc2 Bb7 24. Nxb7 Rxb7 25. Bd6 Bxc3 26. Rxc3 Rb1+ 27. Kg2 Rxa2+ 0-1

[Event "BL 0405 (Women)"]
[Site "Germany"]
[Date "2005.01.09"]
[Round "5.4"]
[White "Goehler, Antje"]
[Black "Kas Fromm, Rita"]
[Result "1/2-1/2"]
[WhiteElo "2158"]
[BlackElo "2227"]
[PlyCount "71"]
[EventDate "2004.11.06"]
[EventType "team-tourn"]
[EventRounds "11"]
[EventCountry "GER"]
[SourceTitle "EXT 2006"]
[Source "ChessBase"]
[SourceDate "2005.11.24"]
[SourceVersion "1"]
[SourceVersionDate "2005.11.24"]
[SourceQuality "1"]
[WhiteTeam "Pankow (W)"]
[BlackTeam "Hamburg (W)"]
[WhiteTeamCountry "GER"]
[BlackTeamCountry "GER"]

1. d4 d5 2. c4 e6 3. Nc3 Nf6 4. Nf3 Be7 5. Bf4 c6 6. c5 Nh5 7. Be5 f6 8. Bg3 Nxg3 9. hxg3 e5 10. dxe5 Bxc5 11. e3 Bg4 12. exf6 Qxf6 13. Be2 Nd7 14. Qc2 Bf5 15. Bd3 0-0 16. Bxf5 Qxf5 17. Qxf5 Rxf5 18. 0-0 Ne5 19. Nxe5 Rxe5 20. Na4 Bd6 21. Rac1 Re7 22. Rc2 Rf8 23. Rd1 Ref7 24. b3 Bb4 25. Nb2 Re7 26. Rd4 Ba5 27. Rf4 Bb6 28. Rxf8+ Kxf8 29. Na4 Bc7 30. Kf1 Kf7 31. Nc5 Bd6 32. Nd3 Re4 33. Nc5 Re7 34. Nd3 Re4 35. Nc5 Re7 36. Nd3 1/2-1/2

[Event "BL 0304 (Women)"]
[Site "Germany"]
[Date "2004.02.28"]
[Round "6.4"]
[White "Jahn, Constanze"]
[Black "Kas Fromm, Rita"]
[Result "1/2-1/2"]
[WhiteElo "2218"]
[BlackElo "2216"]
[PlyCount "107"]
[EventDate "2003.11.29"]
[EventType "team-tourn"]
[EventRounds "11"]
[EventCountry "GER"]
[SourceTitle "EXT 2005"]
[Source "ChessBase"]
[SourceDate "2004.11.15"]
[SourceVersion "1"]
[SourceVersionDate "2004.11.15"]
[SourceQuality "1"]
[WhiteTeam "Halle (W)"]
[BlackTeam "Hamburg"]
[WhiteTeamCountry "GER"]
[BlackTeamCountry "GER"]

1. e4 c5 2. Nf3 Nc6 3. b3 d6 4. Bb2 e5 5. Bc4 g6 6. Nc3 Bg7 7. Nd5 Nge7 8. 0-0 0-0 9. c3 Nxd5 10. Bxd5 Ne7 11. Bc4 d5 12. exd5 Nxd5 13. d4 cxd4 14. cxd4 e4 15. Ne5 f6 16. f3 Kh8 17. fxe4 Ne3 18. Qe1 Nxc4 19. Nxc4 b5 20. Nd2 f5 21. e5 Bb7 22. Qe2 Qd5 23. Nf3 a5 24. Rac1 Rfc8 25. Qd2 b4 26. Rxc8+ Rxc8 27. Rc1 Qe4 28. Rxc8+ Bxc8 29. d5 Kg8 30. d6 Bd7 31. Kf2 h6 32. Qe2 Qd5 33. Qc4 Qe6 34. Qxe6+ Bxe6 35. Nd4 Bd7 36. e6 Bxd4+ 37. Bxd4 Bxe6 38. Bb6 a4 39. bxa4 Kf7 40. Bc5 Ke8 41. Bxb4 Bxa2 42. Ke3 Bd5 43. g3 g5 44. a5 Bb7 45. Kd4 f4 46. gxf4 gxf4 47. Ke5 f3 48. Bc5 Kd7 49. h4 h5 50. Bf2 Ba6 51. Kf4 Kxd6 52. Kg5 Kc6 53. Kxh5 Kb5 54. Kg4 1/2-1/2

[Event "BL 0304 (Women)"]
[Site "Germany"]
[Date "2004.01.17"]
[Round "5.4"]
[White "Kas Fromm, Rita"]
[Black "Leib, Britta"]
[Result "1-0"]
[WhiteElo "2216"]
[BlackElo "2045"]
[PlyCount "55"]
[EventDate "2003.11.29"]
[EventType "team-tourn"]
[EventRounds "11"]
[EventCountry "GER"]
[SourceTitle "EXT 2005"]
[Source "ChessBase"]
[SourceDate "2004.11.15"]
[SourceVersion "1"]
[SourceVersionDate "2004.11.15"]
[SourceQuality "1"]
[WhiteTeam "Hamburg"]
[BlackTeam "Kiel"]
[WhiteTeamCountry "GER"]
[BlackTeamCountry "GER"]

1. d4 Nf6 2. c4 g6 3. Nc3 Bg7 4. e4 d6 5. Be2 0-0 6. Bg5 h6 7. Be3 c6 8. g4 Qa5 9. f3 a6 10. Qd2 Kh7 11. g5 hxg5 12. Bxg5 e5 13. d5 cxd5 14. cxd5 Nbd7 15. h4 Re8 16. Nh3 Kg8 17. Kf2 Nh5 18. Rag1 Ndf6 19. Kf1 Bd7 20. Nf2 Rac8 21. Ng4 Nh7 22. Bh6 Bh8 23. Ne3 N7f6 24. Nf5 Qc7 25. Qg5 Kh7 26. Bf8 Rxf8 27. Qh6+ Kg8 28. Ne7# 1-0

[Event "BL 0203 (Women)"]
[Site "Germany"]
[Date "2003.02.16"]
[Round "9.5"]
[White "Roessler, Ulrike"]
[Black "Kas Fromm, Rita"]
[Result "0-1"]
[WhiteElo "2207"]
[BlackElo "2202"]
[PlyCount "66"]
[EventDate "2002.10.12"]
[EventType "team-tourn"]
[EventRounds "11"]
[EventCountry "GER"]
[SourceTitle "EXT 2004"]
[Source "ChessBase"]
[SourceDate "2003.11.25"]
[SourceVersion "1"]
[SourceVersionDate "2003.11.25"]
[SourceQuality "1"]
[WhiteTeam "Dresden SC (W)"]
[BlackTeam "Hamburg (W)"]
[WhiteTeamCountry "GER"]
[BlackTeamCountry "GER"]

1. e4 c5 2. Nf3 Nc6 3. d4 cxd4 4. Nxd4 Nf6 5. Nc3 d6 6. Bg5 e6 7. Qd2 a6 8. 0-0-0 h6 9. Be3 Bd7 10. f3 b5 11. Nxc6 Bxc6 12. Kb1 Be7 13. Ne2 d5 14. e5 Nd7 15. Nd4 Bb7 16. f4 Qc7 17. Bd3 Nc5 18. Rhf1 0-0-0 19. Qf2 g6 20. Nb3 Nd7 21. Ba7 Bc6 22. a4 Kb7 23. Be3 bxa4 24. Nd4 Rb8 25. Nxc6 Qxc6 26. c4 Nb6 27. cxd5 Nxd5 28. Rc1 Qd7 29. Rfd1 Rhc8 30. Rxc8 Rxc8 31. Qe2 Ka8 32. Bxa6 Rb8 33. Bc4 Nc3+ 0-1

[Event "BL 0001 (Women)"]
[Site "Germany"]
[Date "2001.??.??"]
[Round "11.4"]
[White "Hauer, Dorit"]
[Black "Kas Fromm, Rita"]
[Result "0-1"]
[WhiteElo "2048"]
[BlackElo "2212"]
[PlyCount "86"]
[EventDate "2000.10.??"]
[EventType "team-tourn"]
[EventRounds "11"]
[EventCountry "GER"]
[SourceTitle "CBM 082 Extra"]
[Source "ChessBase"]
[SourceDate "2001.07.03"]
[SourceVersion "1"]
[SourceVersionDate "2001.07.03"]
[SourceQuality "1"]
[WhiteTeam "Leipzig VGG (W)"]
[BlackTeam "Hamburger SK (W)"]
[WhiteTeamCountry "GER"]
[BlackTeamCountry "GER"]

1. d4 d5 2. c4 e6 3. Nc3 f5 4. g3 c6 5. cxd5 exd5 6. Bg2 Bd6 7. Nh3 Nf6 8. Bf4 0-0 9. 0-0 Ne4 10. f3 Nxc3 11. bxc3 Qe7 12. Bxd6 Qxd6 13. Qd3 b6 14. e4 Ba6 15. Qc2 Bxf1 16. Rxf1 fxe4 17. fxe4 Rxf1+ 18. Bxf1 Nd7 19. e5 Qh6 20. Nf4 Nf8 21. Bd3 Ng6 22. Bxg6 hxg6 23. Nxg6 Qe3+ 24. Kg2 Re8 25. Nf4 Rf8 26. h4 c5 27. Qb2 cxd4 28. cxd4 Rc8 29. Kh3 Rc3 30. Ne2 Rd3 31. Qc2 Qe4 32. Kh2 Rf3 33. Qxe4 dxe4 34. Kg2 Ra3 35. Kf2 Rxa2 36. Ke3 Kf8 37. g4 a5 38. Nf4 a4 39. Kxe4 a3 40. d5 Rd2 41. Ne6+ Kf7 42. Ng5+ Ke8 43. e6 a2 0-1

[Event "BL 9900 (Women)"]
[Site "Germany"]
[Date "2000.04.02"]
[Round "11.3"]
[White "Lanchava, Tea"]
[Black "Kas Fromm, Rita"]
[Result "1/2-1/2"]
[WhiteElo "2297"]
[BlackElo "2214"]
[PlyCount "51"]
[EventDate "1999.10.16"]
[EventType "team-tourn"]
[EventRounds "11"]
[EventCountry "GER"]
[SourceTitle "CBM 075 Extra"]
[Source "ChessBase"]
[SourceDate "2000.05.11"]
[SourceVersion "2"]
[SourceVersionDate "2000.05.11"]
[SourceQuality "1"]
[WhiteTeam "Emsdetten Turm"]
[BlackTeam "Hamburger SK"]
[WhiteTeamCountry "GER"]
[BlackTeamCountry "GER"]

1. d4 d5 2. c4 e6 3. cxd5 exd5 4. Nc3 c6 5. Nf3 Bf5 6. Bg5 Be7 7. Bxe7 Qxe7 8. g3 Nf6 9. Nh4 Bg6 10. Bg2 Nbd7 11. Rc1 0-0 12. 0-0 Rfe8 13. Nxg6 hxg6 14. Qd3 Ne4 15. Nd1 Ndf6 16. f3 Nd6 17. Re1 Rad8 18. e3 Nf5 19. Bh3 Qb4 20. Nc3 Nd6 21. b3 Nc8 22. Na4 Nb6 23. Nc5 Nbd7 24. Qc3 Qxc3 25. Rxc3 Nxc5 26. Rxc5 1/2-1/2

[Event "BL 9900 (Women)"]
[Site "Germany"]
[Date "2000.01.16"]
[Round "5.3"]
[White "Burchardt, Brigitte"]
[Black "Kas Fromm, Rita"]
[Result "1-0"]
[WhiteElo "2246"]
[BlackElo "2214"]
[PlyCount "103"]
[EventDate "1999.10.16"]
[EventType "team-tourn"]
[EventRounds "11"]
[EventCountry "GER"]
[SourceTitle "CBM 075 Extra"]
[Source "ChessBase"]
[SourceDate "2000.05.11"]
[SourceVersion "2"]
[SourceVersionDate "2000.05.11"]
[SourceQuality "1"]
[WhiteTeam "Berlin Rotation"]
[BlackTeam "Hamburger SK"]
[WhiteTeamCountry "GER"]
[BlackTeamCountry "GER"]

1. e4 c5 2. Nc3 Nc6 3. g3 g6 4. Bg2 Bg7 5. Nf3 d6 6. 0-0 e6 7. h3 Nge7 8. Ne2 d5 9. exd5 Nxd5 10. d4 cxd4 11. Nexd4 Nxd4 12. Nxd4 0-0 13. c3 Qb6 14. Nf3 Rd8 15. Qb3 Qxb3 16. axb3 Bd7 17. Re1 a6 18. Ne5 Be8 19. Nc4 Rab8 20. Bg5 f6 21. Bc1 Bf7 22. Ne3 e5 23. b4 Rd7 24. Bf1 f5 25. b5 axb5 26. Bxb5 Rdd8 27. Ra7 Nc7 28. Bf1 Bf8 29. Ra5 Bg7 30. Nc4 e4 31. Bf4 Rd7 32. Nb6 Re7 33. Bd6 Rbe8 34. Bxe7 Rxe7 35. Bc4 Bxc4 36. Nxc4 b5 37. Ne3 Be5 38. Rd1 f4 39. gxf4 Bxf4 40. Nd5 Nxd5 41. Rxd5 e3 42. fxe3 Rxe3 43. Rd7 Bh6 44. Rxb5 Rxh3 45. Rb8+ Bf8 46. Kg2 Rh5 47. b4 Rf5 48. b5 g5 49. Rdd8 h5 50. Rxf8+ Rxf8 51. Rxf8+ Kxf8 52. b6 1-0

[Event "DDMM (Women)"]
[Site "Weilburg"]
[Date "1999.??.??"]
[Round "3.1"]
[White "Skibbe, Diana"]
[Black "Kas Fromm, Rita"]
[Result "1-0"]
[WhiteElo "2075"]
[BlackElo "2225"]
[PlyCount "129"]
[EventDate "1999.??.??"]
[EventType "team"]
[EventRounds "5"]
[EventCountry "GER"]
[SourceTitle "EXT 2000"]
[Source "ChessBase"]
[SourceDate "1999.11.16"]
[SourceVersion "1"]
[SourceVersionDate "1999.11.16"]
[SourceQuality "1"]

1. e4 c5 2. d4 cxd4 3. c3 Nf6 4. e5 Nd5 5. Qxd4 e6 6. Nf3 Nc6 7. Qe4 f5 8. exf6 Nxf6 9. Qh4 Be7 10. Bd3 Qa5 11. Bg6+ Kf8 12. 0-0 Kg8 13. Bc2 Qh5 14. Bg5 Qxh4 15. Bxh4 g6 16. Nbd2 Kg7 17. Rad1 Rd8 18. Rfe1 d6 19. Bb3 e5 20. Nc4 Bg4 21. Ncd2 h6 22. h3 Bxf3 23. Nxf3 g5 24. Bg3 Nh5 25. Bh2 Rf8 26. Bd5 Rae8 27. Nd2 Nf4 28. Bxf4 Rxf4 29. f3 Rc8 30. Ne4 Rff8 31. Re2 b5 32. Red2 b4 33. Be6 bxc3 34. bxc3 Rc7 35. Nxd6 Na5 36. Ne4 Rb8 37. Rd7 Rbb7 38. Rxc7 Rxc7 39. Bd5 Kf8 40. Kf2 Ba3 41. Ke2 Ke7 42. Rb1 Kd7 43. Rb5 Nc6 44. Bxc6+ Rxc6 45. Rxe5 Rb6 46. Rd5+ Ke6 47. Rd2 Rb1 48. Kf2 Rc1 49. Kg3 Rg1 50. Kg4 Bc1 51. Rd6+ Ke5 52. g3 Rg2 53. Ra6 Be3 54. c4 Rh2 55. c5 h5+ 56. Kxh5 Rxh3+ 57. Kg4 Rh7 58. Nxg5 Rg7 59. f4+ Kd5 60. Kf3 Bg1 61. Ne6 Rf7 62. Rd6+ Kc4 63. c6 Bb6 64. Rd7 Rf6 65. c7 1-0

[Event "BL 9899 (Women)"]
[Site "Germany"]
[Date "1998.12.06"]
[Round "6.3"]
[White "Schulz, Petra"]
[Black "Kas Fromm, Rita"]
[Result "0-1"]
[WhiteElo "2115"]
[BlackElo "2245"]
[PlyCount "92"]
[EventDate "1998.10.24"]
[EventType "team-tourn"]
[EventRounds "11"]
[EventCountry "GER"]
[SourceTitle "GER-chT"]
[Source "ChessBase"]
[SourceDate "1999.07.01"]
[SourceVersion "1"]
[SourceVersionDate "1999.07.01"]
[SourceQuality "1"]
[WhiteTeam "Leipzig SVG"]
[BlackTeam "Hamburger SK (W)"]
[WhiteTeamCountry "GER"]
[BlackTeamCountry "GER"]

1. e4 c5 2. c3 d5 3. exd5 Qxd5 4. d4 Nf6 5. Nf3 Bg4 6. Be2 e6 7. h3 Bh5 8. Be3 cxd4 9. cxd4 Bb4+ 10. Nc3 0-0 11. 0-0 Qa5 12. Qb3 Nc6 13. a3 Bxc3 14. bxc3 Qc7 15. Rac1 Rac8 16. g4 Bg6 17. c4 Rfd8 18. Rfd1 Na5 19. Qb5 b6 20. Ne5 Be4 21. Bf4 Qe7 22. Qb4 Qxb4 23. axb4 Nb3 24. Rc3 Nxd4 25. Kf1 Nxe2 26. Rxd8+ Rxd8 27. Kxe2 Nd7 28. Ra3 Nxe5 29. Bxe5 f6 30. Bc7 Ra8 31. f4 Kf7 32. c5 bxc5 33. bxc5 a6 34. Bd6 a5 35. Ke3 Bd5 36. Kd4 Bc6 37. h4 a4 38. g5 Ra7 39. h5 Rb7 40. h6 gxh6 41. gxh6 Kg6 42. Rg3+ Kxh6 43. Rg1 a3 44. Bf8+ Kh5 45. Bg7 Rb4+ 46. Kc3 Rxf4 0-1

[Event "BL 9899 (Women)"]
[Site "Germany"]
[Date "1998.10.24"]
[Round "1.4"]
[White "Medunova, Vera"]
[Black "Kas Fromm, Rita"]
[Result "1/2-1/2"]
[WhiteElo "2175"]
[BlackElo "2225"]
[PlyCount "73"]
[EventDate "1998.10.24"]
[EventType "team-tourn"]
[EventRounds "11"]
[EventCountry "GER"]
[SourceTitle "GER-chT"]
[Source "ChessBase"]
[SourceDate "1999.07.01"]
[SourceVersion "1"]
[SourceVersionDate "1999.07.01"]
[SourceQuality "1"]
[WhiteTeam "Elberfeld (W)"]
[BlackTeam "Hamburger SK (W)"]
[WhiteTeamCountry "GER"]
[BlackTeamCountry "GER"]

1. e4 c5 2. Nf3 Nc6 3. d4 cxd4 4. Nxd4 Nf6 5. Nc3 d6 6. Bc4 Qb6 7. Nxc6 bxc6 8. 0-0 e6 9. Qe2 Be7 10. b3 0-0 11. Bb2 Bb7 12. e5 dxe5 13. Na4 Qc7 14. Bxe5 Bd6 15. Bxd6 Qxd6 16. Rfd1 Nd5 17. Rd2 c5 18. Bxd5 exd5 19. Qb5 Bc6 20. Qxc5 Qg6 21. Nc3 Rac8 22. Qd4 Rfe8 23. Rad1 h6 24. g3 Rc7 25. Nxd5 Bxd5 26. Qxd5 Rxc2 27. Rxc2 Qxc2 28. Qd2 Qe4 29. Qd3 Qe5 30. Qd4 Qe2 31. Rd2 Qf3 32. Rd1 a6 33. Qd2 Re2 34. Qd8+ Kh7 35. Qd3+ Qxd3 36. Rxd3 Rxa2 37. Kg2 1/2-1/2

[Event "BL 9798 (Women)"]
[Site "Germany"]
[Date "1997.??.??"]
[Round "?.3"]
[White "Litynska, Marta"]
[Black "Kas Fromm, Rita"]
[Result "1-0"]
[WhiteElo "2335"]
[BlackElo "2245"]
[PlyCount "125"]
[EventDate "1997.10.??"]
[EventType "team-tourn"]
[EventRounds "11"]
[EventCountry "GER"]
[SourceTitle "EXT 1999"]
[Source "ChessBase"]
[SourceDate "1998.11.16"]
[SourceVersion "1"]
[SourceVersionDate "1998.11.16"]
[SourceQuality "1"]
[WhiteTeam "Krefeld"]
[BlackTeam "Hamburger SK (W)"]
[WhiteTeamCountry "GER"]
[BlackTeamCountry "GER"]

1. d4 d5 2. c4 e6 3. Nc3 Nf6 4. Bg5 Be7 5. e3 0-0 6. Qc2 Nbd7 7. Nf3 a6 8. cxd5 exd5 9. Bd3 Re8 10. 0-0 c6 11. Nd2 Nf8 12. Rab1 Bg4 13. h3 Bh5 14. f4 N6d7 15. Bxe7 Qxe7 16. Rbe1 f6 17. e4 Qb4 18. Nb3 dxe4 19. Nxe4 Bf7 20. Qc3 a5 21. Nbd2 Qxc3 22. Nxc3 Nb6 23. f5 Rad8 24. Nf3 Bc4 25. Bxc4+ Nxc4 26. Rxe8 Rxe8 27. Rf2 Ne3 28. Re2 Kf7 29. g4 h5 30. Kf2 hxg4 31. Rxe3 Rxe3 32. Kxe3 gxf3 33. Kxf3 Nd7 34. Ne4 b5 35. Nc5 Nf8 36. Nb7 Ke7 37. Nxa5 Kd6 38. Ke4 Nd7 39. Nb7+ Ke7 40. d5 cxd5+ 41. Kxd5 Ne5 42. Nc5 Nc4 43. a4 Nb6+ 44. Kc6 Nxa4 45. Nd3 Nxb2 46. Nxb2 Kf7 47. Kxb5 g6 48. Nd3 gxf5 49. Nf4 Kg7 50. Kc5 Kh6 51. h4 Kg7 52. Kd6 Kf7 53. Kd7 Kf8 54. Ke6 Kg7 55. Ke7 Kh6 56. Kxf6 Kh7 57. Kg5 Kg7 58. h5 Kh7 59. h6 Kg8 60. Kg6 Kh8 61. Ne6 f4 62. h7 f3 63. Ng5 1-0

[Event "BL 9293 (Women)"]
[Site "Germany"]
[Date "1993.02.13"]
[Round "10.2"]
[White "Just, Gabriele"]
[Black "Kas Fromm, Rita"]
[Result "0-1"]
[WhiteElo "2070"]
[BlackElo "2200"]
[PlyCount "50"]
[EventDate "1992.10.03"]
[EventType "team-tourn"]
[EventRounds "11"]
[EventCountry "GER"]
[SourceTitle "EXT 1997"]
[Source "ChessBase"]
[SourceDate "1996.11.15"]
[SourceVersion "1"]
[SourceVersionDate "1996.11.15"]
[SourceQuality "1"]
[WhiteTeam "Leipzig SVG"]
[BlackTeam "Hamburger SK (W)"]
[WhiteTeamCountry "GER"]
[BlackTeamCountry "GER"]

1. f4 d5 2. e3 Nf6 3. Nf3 g6 4. d3 Bg7 5. Be2 0-0 6. 0-0 c5 7. Qe1 Nc6 8. c3 Qc7 9. Qh4 e5 10. e4 dxe4 11. dxe4 exf4 12. Bxf4 Qb6 13. Bc1 Re8 14. Nbd2 Bg4 15. Bc4 Bxf3 16. gxf3 Ne5 17. Rf2 Rad8 18. b3 Qa5 19. Bb2 Rxd2 20. Qf4 Rxf2 21. Kxf2 Nxc4 22. bxc4 Qa4 23. Qd2 Rxe4 24. Kg1 Re8 25. Qd3 Qd7 0-1